Internationalising vocational education and training in Europe : prelude to an overdue debate : a discussion paper /
| Κύριος συγγραφέας: | Sogaard, Jorn. |
|---|---|
| Corporate συγγραφέας: | European Commission. |
| Άλλοι συγγραφείς: | Wollschlager, Norbert. |
| Μορφή: | Βιβλίο |
| Γλώσσα: | English |
| Στοιχεία έκδοσης: |
Luxembourg :
Office for Official Publications of the European Communities,
2000
|
| Ταξινομικός αριθμός: |
KET 331.25'092 SOG |
| Ετικέτες: |
Προσθήκη ετικέτας
Δεν υπάρχουν, Καταχωρήστε ετικέτα πρώτοι!
|
| LEADER | 00705nam a2200181 4500 | ||
|---|---|---|---|
| 001 | 1/24490 | ||
| 008 | 020417s2000 lu a n001 0 eng | ||
| 020 | |a 9282894487 | ||
| 035 | |l 26255 | ||
| 040 | |a GR-PeUP | ||
| 082 | 0 | 0 | |a KET 331.25'092 SOG |
| 100 | 1 | |a Sogaard, Jorn. | |
| 245 | 1 | 0 | |a Internationalising vocational education and training in Europe : |b prelude to an overdue debate : a discussion paper / |c Sogaard Jorn, |
| 260 | |a Luxembourg : |b Office for Official Publications of the European Communities, |c 2000 | ||
| 300 | |a 118 σ. : |e εικ. ; |c 30 εκ. | ||
| 700 | 1 | |a Wollschlager, Norbert. | |
| 710 | 2 | |a European Commission. | |
| 852 | |a INST |b UNIPILB |c KET |e 20050207 |h KET 331.25'092 SOG |p 00145568 |q 00145568 |t LOAN |y 0 |4 1 | ||


